| 000 | 00000nas 2200000za 4500 |
| 001 | 9.840202 |
| 003 | CaOODSP |
| 005 | 20221107151802 |
| 007 | cr ||||||||||| |
| 008 | 170724d20172019oncar p o f0 a0eng| |
| 022 | |a2560-9564 |
| 040 | |aCaOODSP|beng |
| 043 | |an-cn--- |
| 086 | 1 |aEn104-16E-PDF |
| 110 | 1 |aCanada. |bCanadian Environmental Assessment Agency. |
| 222 | 0|aDepartmental results report |b(Canadian Environmental Assessment Agency) |
| 245 | 10|aDepartmental results report |h[electronic resource]. |
| 260 | |a[Ottawa] : |bCanadian Environmental Assessment Agency |
| 310 | |aAnnual |
| 362 | 1 |aBegan with 2016/17; ceased with 2018/19. |
| 500 | |aIssued also in French under title: Rapport sur les résultats ministériels. |
| 692 | 07|2gccst|aEnvironmental impact assessment |
| 692 | 07|2gccst|aPerformance assessment |
| 775 | 08|tRapport sur les résultats ministériels |w(CaOODSP)9.840204 |
| 780 | 00|tDepartmental performance report |w(CaOODSP)9.506501 |
| 785 | 00|tDepartmental results report. |w(CaOODSP)9.889775 |